<Le> rôle de la marque pays dans le contexte de la présentation de la Slovaquie a l'étranger diplomová práca

Uložené v:
Podrobná bibliografia
Hlavný autor: Pálková, Denisa
Korporativný autor: Ekonomická univerzita v Bratislave. Ústav medzinárodných programov
Ďalší autori: Kita, Jaroslav
Médium: Kniha
Jazyk:French
Vydavateľské údaje: Bratislava 2013
Tagy: Pridať tag
Žiadne tagy, Buďte prvý, kto otaguje tento záznam!

MARC

LEADER 00000nbm a2200000 4500
001 0175982
005 20170314104627.8
041 0 |a fre 
044 |a SK 
245 1 0 |a <Le> rôle de la marque pays dans le contexte de la présentation de la Slovaquie a l'étranger  |b diplomová práca  |c Denisa Pálková ; školiteľ: Jaroslav Kita 
264 1 |a Bratislava  |c 2013 
300 |a 80 s. 
100 1 |a Pálková, Denisa 
700 1 |a Kita, Jaroslav 
710 2 |a Ekonomická univerzita v Bratislave. Ústav medzinárodných programov